01055 a2200157 4500003000500000005001700005040000900022082001400031100002600045245012300071250001200194260003200206300001000238505062500248600002400873Nust20241002175955.0 cNust a621.3,CHR aChristie, Clarence V. aElectrical engineering : bthe theory and characteristics of electrical circuits and machinery /cClarence V. Christie a6th ed. aNew YorkbMcgraw Hillc1954 a675:p aElectrostatics (Page-1), Magnetism and Electro kinetics (Page-51), Electric Circuits (Page-81), Alternating Current Circuits (Page-106), Complex Alternating Current Waves (Page-165), Polyphase Alternating Current Circuits (Page-177), Directs Current Machinery (Page-192), Design of a Direct Current Generator (Page-282), Synchronous Machinery (Page-307), Design of Alternating Current Generators and Motors (Page-390), Transformers (Page-417), Converters (Page-479), Induction Motors (Page-508), Alternating Current Gas Commentator Motors (Page-568), Transmission Systems (Page-580), Symmetrical Components (Page-639). aClarence v christie